[Event "DM Kandidatklassen 2021"]
[Site "Svendborg"]
[Date "2021.10.21"]
[Round "4.1"]
[White "Sylvan, Jacob"]
[Black "Jensen, Bjarke"]
[Result "1-0"]
[WhiteElo "2295"]
[BlackElo "2349"]
[PlyCount "49"]
[EventDate "2021.10.18"]
[EventType "swiss"]
[EventRounds "7"]
[EventCountry "DEN"]

1. e4 c6 2. d4 d5 3. e5 Bf5 4. h4 h5 5. Bd3 Qd7 6. Ne2 c5 7. dxc5 Nc6 8. Bf4
Bxd3 9. cxd3 d4 10. Nd2 f6 11. Nc4 Nh6 12. Qb3 Nd8 13. O-O Nf5 14. Rae1 Rc8 15.
Ng3 Rxc5 16. exf6 Nf7 17. Ne5 Rxe5 18. Bxe5 gxf6 19. Bxf6 Rg8 20. Bg5 Rg6 21.
Ne4 Bg7 22. Qd1 Nxg5 23. hxg5 h4 24. Qh5 Kf7 25. Nc5 1-0

[Event "DM Kandidatklassen 2021"]
[Site "Svendborg"]
[Date "2021.10.21"]
[Round "4.2"]
[White "Thorsbro, Peter"]
[Black "Strange, Mikkel"]
[Result "0-1"]
[WhiteElo "2171"]
[BlackElo "2309"]
[PlyCount "64"]
[EventDate "2021.10.18"]
[EventType "swiss"]
[EventRounds "7"]
[EventCountry "DEN"]

1. d4 f5 2. c4 Nf6 3. g3 g6 4. Bg2 Bg7 5. Nf3 O-O 6. O-O d6 7. Nc3 Nc6 8. d5
Ne5 9. Nxe5 dxe5 10. e4 f4 11. gxf4 exf4 12. Bxf4 Nxe4 13. Ne2 Nd6 14. c5 Nf5
15. Qb3 Kh8 16. Rad1 e5 17. dxe6 Qe7 18. c6 bxc6 19. Bxc6 Bxe6 20. Qa4 Rab8 21.
Qxa7 Bc4 22. Ng3 Nxg3 23. hxg3 Bxf1 24. Kxf1 Rxb2 25. Re1 Qf7 26. Qc5 g5 27.
Be3 Qf6 28. a4 Qg6 29. Kg1 Rc2 30. Qxf8+ Bxf8 31. Bd4+ Bg7 32. Re8+ Qxe8 0-1

[Event "DM Kandidatklassen 2021"]
[Site "Svendborg"]
[Date "2021.10.21"]
[Round "4.3"]
[White "Liu, Casper Yukun"]
[Black "Thuesen, Mogens Henrik"]
[Result "0-1"]
[WhiteElo "2150"]
[BlackElo "2196"]
[PlyCount "76"]
[EventDate "2021.10.18"]
[EventType "swiss"]
[EventRounds "7"]
[EventCountry "DEN"]

1. e4 c5 2. Nc3 e6 3. Nge2 Nc6 4. g3 a6 5. Bg2 b5 6. O-O Bb7 7. d3 g6 8. f4 Bg7
9. a3 Nge7 10. g4 f5 11. Ng3 Nd4 12. exf5 Bxg2 13. Kxg2 gxf5 14. gxf5 Nexf5 15.
Qh5+ Kf8 16. Nce4 Qe8 17. Rf2 Qxh5 18. Nxh5 Rc8 19. Nxg7 Rg8 20. Bd2 Rxg7+ 21.
Kh1 d5 22. Nxc5 Kf7 23. b4 Nxc2 24. Rc1 Ncd4 25. Bc3 Rc6 26. Bd2 Rg8 27. Nd7
Rxc1+ 28. Bxc1 Rc8 29. Bb2 Ne3 30. Nc5 Ndf5 31. Re2 a5 32. Bc1 d4 33. Bb2 axb4
34. axb4 Nd1 35. Nxe6 Nxb2 36. Ng5+ Kg6 37. Rxb2 Ne3 38. Kg1 Rc1+ 0-1

[Event "DM Kandidatklassen 2021"]
[Site "Svendborg"]
[Date "2021.10.21"]
[Round "4.4"]
[White "Meskenas, Paulius"]
[Black "Nilssen, Ellen Fredericia"]
[Result "0-1"]
[WhiteElo "2044"]
[BlackElo "2081"]
[PlyCount "46"]
[EventDate "2021.10.18"]
[EventType "swiss"]
[EventRounds "7"]
[EventCountry "DEN"]

1. e4 e6 2. d4 d5 3. Nd2 c5 4. Ngf3 Nc6 5. Bb5 Nf6 6. exd5 exd5 7. Qe2+ Be7 8.
Ne5 Bd7 9. Nxd7 Qxd7 10. Nf3 O-O 11. O-O Rfe8 12. dxc5 Bxc5 13. Qd3 Qd6 14. c3
Ne4 15. b4 Bb6 16. a3 Qf6 17. Bb2 Ne5 18. Qd1 Rec8 19. Be2 Nxf2 20. Qxd5 Rd8
21. Qxb7 Rab8 22. Qa6 Nxf3+ 23. Bxf3 Ne4+ 0-1

[Event "DM Kandidatklassen 2021"]
[Site "Svendborg"]
[Date "2021.10.21"]
[Round "4.5"]
[White "Rey Malde, Henrique"]
[Black "Kolbak, Jens"]
[Result "1-0"]
[WhiteElo "2260"]
[BlackElo "2177"]
[PlyCount "85"]
[EventDate "2021.10.18"]
[EventType "swiss"]
[EventRounds "7"]
[EventCountry "DEN"]

1. e4 e5 2. Nf3 Nc6 3. Bb5 a6 4. Ba4 d6 5. c3 Bd7 6. d4 Nf6 7. Bc2 g6 8. O-O
Bg7 9. Re1 O-O 10. h3 Re8 11. Nbd2 b5 12. Nf1 Rb8 13. Ng3 Qe7 14. Be3 Na5 15.
b3 c5 16. d5 Nb7 17. Qd2 Qf8 18. Bg5 h6 19. Be3 Rec8 20. Rad1 Kh7 21. Nh2 Qh8
22. f3 Ng8 23. Rf1 Rf8 24. Bd3 h5 25. Ne2 Bh6 26. f4 Rbe8 27. f5 gxf5 28. exf5
e4 29. Bc2 Qe5 30. f6 Bxe3+ 31. Qxe3 Nxf6 32. Nf3 Qe7 33. Ng5+ Kg7 34. Ng3 Qe5
35. Rf4 Nxd5 36. Rxd5 Qxd5 37. Nxh5+ Kg6 38. Rf6+ Kxh5 39. g4+ Bxg4 40. hxg4+
Kxg4 41. Qh3+ Kxg5 42. Qh6+ Kg4 43. Rf4+ 1-0

[Event "DM Kandidatklassen 2021"]
[Site "Svendborg"]
[Date "2021.10.21"]
[Round "4.6"]
[White "Easwaralingam, Adesh"]
[Black "Jaksland, Tim"]
[Result "1/2-1/2"]
[WhiteElo "2136"]
[BlackElo "2212"]
[PlyCount "33"]
[EventDate "2021.10.18"]
[EventType "swiss"]
[EventRounds "7"]
[EventCountry "DEN"]

1. e4 e5 2. Nf3 Nc6 3. Bb5 a6 4. Ba4 Nf6 5. O-O Be7 6. Re1 b5 7. Bb3 d6 8. c3
O-O 9. d4 exd4 10. cxd4 Bg4 11. Be3 d5 12. e5 Ne4 13. Nc3 Nxc3 14. bxc3 Qd7 15.
h3 Bf5 16. Bg5 Ba3 17. Bc1 1/2-1/2

[Event "DM Kandidatklassen 2021"]
[Site "Svendborg"]
[Date "2021.10.21"]
[Round "4.7"]
[White "Guindy, Esmat Susanne"]
[Black "Steffensen, Elena"]
[Result "0-1"]
[WhiteElo "2113"]
[BlackElo "2071"]
[PlyCount "68"]
[EventDate "2021.10.18"]
[EventType "swiss"]
[EventRounds "7"]
[EventCountry "DEN"]

1. c4 g6 2. Nf3 Bg7 3. g3 e5 4. Nc3 d6 5. Bg2 c6 6. O-O Nf6 7. d3 O-O 8. Rb1 h6
9. Bd2 Be6 10. Qc1 Kh7 11. h3 Nbd7 12. b4 d5 13. cxd5 cxd5 14. a4 Rc8 15. Qa3
e4 16. Ne1 Ne5 17. f4 exf3 18. Nxf3 Nh5 19. Kh2 Nxf3+ 20. Rxf3 Be5 21. d4 Bxd4
22. Nb5 Be5 23. Qe3 Qg5 24. Qxg5 hxg5 25. Bxg5 a6 26. Na3 Nxg3 27. Bf4 Bxf4 28.
Rxf4 Nxe2 29. Rh4+ Kg7 30. b5 a5 31. Bf3 Rc3 32. Bxe2 Rxa3 33. Rb2 g5 34. Rh5
f6 0-1

[Event "DM Kandidatklassen 2021"]
[Site "Svendborg"]
[Date "2021.10.21"]
[Round "4.8"]
[White "Koch Mueller, Oscar"]
[Black "Loftgaard, Mikkel Vinh"]
[Result "0-1"]
[WhiteElo "1952"]
[BlackElo "2084"]
[PlyCount "96"]
[EventDate "2021.10.18"]
[EventType "swiss"]
[EventRounds "7"]
[EventCountry "DEN"]

1. d4 d5 2. c4 e6 3. Nc3 c5 4. cxd5 exd5 5. Nf3 Nc6 6. g3 Nf6 7. Bg2 Be7 8. O-O
O-O 9. Bg5 c4 10. Ne5 Be6 11. Nxc6 bxc6 12. b3 h6 13. Bxf6 Bxf6 14. bxc4 dxc4
15. e3 Qa5 16. Qc2 Rac8 17. Ne4 Be7 18. Nd2 Qa6 19. Rfd1 c3 20. Nb3 c5 21. d5
Bd7 22. Bf1 Qa4 23. Rac1 Bf6 24. e4 Rfe8 25. Bg2 Qb4 26. Rb1 Ba4 27. Re1 a5 28.
Qe2 c2 29. Rbc1 Bc3 30. Rf1 Bb5 31. Qxc2 Bxf1 32. Kxf1 Bd4 33. a3 Qxa3 34. Nxd4
cxd4 35. Qxc8 Rxc8 36. Rxc8+ Kh7 37. e5 d3 38. Be4+ g6 39. Bf3 d2 40. Bd1 Qc1
41. e6 Qxc8 42. e7 Qd7 43. d6 a4 44. Ke2 Qe6+ 45. Kf1 a3 46. Bb3 Qxb3 47. e8=Q
d1=Q+ 48. Kg2 Qbf3+ 0-1

[Event "DM Kandidatklassen 2021"]
[Site "Svendborg"]
[Date "2021.10.22"]
[Round "5.1"]
[White "Strange, Mikkel"]
[Black "Sylvan, Jacob"]
[Result "1-0"]
[WhiteElo "2309"]
[BlackElo "2295"]
[PlyCount "111"]
[EventDate "2021.10.18"]
[EventType "swiss"]
[EventRounds "7"]
[EventCountry "DEN"]

1. e4 c5 2. c3 d5 3. exd5 Qxd5 4. d4 cxd4 5. cxd4 Nc6 6. Nf3 e5 7. Nc3 Bb4 8.
Be2 exd4 9. O-O Qd8 10. Nb5 Nge7 11. Nbxd4 O-O 12. Bg5 h6 13. Bh4 Qb6 14. Nxc6
Nxc6 15. a3 Be7 16. Bxe7 Nxe7 17. Qd4 Qxd4 18. Nxd4 Nf5 19. Rfd1 Rd8 20. Nb5
Bd7 21. Kf1 a6 22. Nc7 Rac8 23. Rac1 Bc6 24. Rxd8+ Rxd8 25. Nxa6 Rd2 26. Nb4
Bxg2+ 27. Kxg2 Rxe2 28. Nd3 Rd2 29. Rc3 Ne3+ 30. Kf3 Nd5 31. Rb3 f5 32. Ne5 Nf6
33. Rxb7 Ne4 34. a4 Rxf2+ 35. Ke3 Rxh2 36. a5 Nc5 37. Rb6 Rh4 38. Ng6 Re4+ 39.
Kf3 Ra4 40. Rb5 Nd3 41. b3 Ra3 42. Ne7+ Kh7 43. Nxf5 Nc1 44. Nd4 g5 45. Kg4 Kg6
46. Rb6+ Kg7 47. a6 Nd3 48. Nb5 Rxb3 49. a7 Nf2+ 50. Kf5 Rf3+ 51. Ke5 Ng4+ 52.
Kd5 Rf5+ 53. Kd4 Rf4+ 54. Kc3 Rf3+ 55. Kb4 Rf4+ 56. Kb3 1-0

[Event "DM Kandidatklassen 2021"]
[Site "Svendborg"]
[Date "2021.10.22"]
[Round "5.2"]
[White "Thuesen, Mogens Henrik"]
[Black "Rey Malde, Henrique"]
[Result "0-1"]
[WhiteElo "2196"]
[BlackElo "2260"]
[PlyCount "84"]
[EventDate "2021.10.18"]
[EventType "swiss"]
[EventRounds "7"]
[EventCountry "DEN"]

1. d4 Nf6 2. c4 g6 3. Nc3 Bg7 4. e4 d6 5. f4 O-O 6. Nf3 c5 7. d5 e6 8. dxe6
Bxe6 9. Bd3 Nc6 10. f5 Bc8 11. O-O Nd4 12. Nxd4 cxd4 13. Nd5 Nxd5 14. exd5 Bxf5
15. Bxf5 gxf5 16. Qd3 Qe7 17. Qxf5 Rac8 18. b3 b5 19. Bg5 Qe5 20. Qg4 f5 21.
Qf3 Qe4 22. Rac1 Qxf3 23. Rxf3 bxc4 24. bxc4 Rf7 25. Kf1 Rfc7 26. Bf4 Bf8 27.
Rg3+ Kf7 28. Ra3 Rxc4 29. Rxa7+ Kg8 30. Rxc4 Rxc4 31. Ke1 d3 32. g3 Bg7 33. Kd2
Be5 34. Bxe5 dxe5 35. d6 Rd4 36. d7 Kf8 37. Ra8+ Ke7 38. d8=Q+ Rxd8 39. Rxd8
Kxd8 40. g4 fxg4 41. Kxd3 h5 42. Ke4 h4 0-1

[Event "DM Kandidatklassen 2021"]
[Site "Svendborg"]
[Date "2021.10.22"]
[Round "5.3"]
[White "Nilssen, Ellen Fredericia"]
[Black "Thorsbro, Peter"]
[Result "0-1"]
[WhiteElo "2081"]
[BlackElo "2171"]
[PlyCount "80"]
[EventDate "2021.10.18"]
[EventType "swiss"]
[EventRounds "7"]
[EventCountry "DEN"]

1. d4 f5 2. Nf3 Nf6 3. g3 d6 4. Bg2 g6 5. b3 Bg7 6. Bb2 O-O 7. O-O Ne4 8. Nbd2
Nc6 9. e3 e5 10. Nc4 exd4 11. Nxd4 Ne5 12. Nxe5 Bxe5 13. f3 Nc5 14. c4 a5 15.
Rf2 Qe7 16. Re2 Bd7 17. Qc2 a4 18. Rae1 axb3 19. axb3 Ra2 20. Qb1 Rfa8 21. Kh1
Qg7 22. b4 Nb3 23. f4 Nxd4 24. exd4 Bf6 25. Bxb7 R8a7 26. Bd5+ Kf8 27. Qd3 c6
28. Bg2 Qf7 29. b5 d5 30. bxc6 Bxc6 31. cxd5 Bxd5 32. Re8+ Kg7 33. R8e2 Bc4 34.
Qf3 Bxe2 35. Rxe2 Re7 36. Rf2 Re1+ 37. Bf1 Rb1 38. Bc3 Rxf2 39. Qxf2 Qc4 40.
Be1 Bxd4 0-1

[Event "DM Kandidatklassen 2021"]
[Site "Svendborg"]
[Date "2021.10.22"]
[Round "5.4"]
[White "Steffensen, Elena"]
[Black "Liu, Casper Yukun"]
[Result "1-0"]
[WhiteElo "2071"]
[BlackElo "2150"]
[PlyCount "59"]
[EventDate "2021.10.18"]
[EventType "swiss"]
[EventRounds "7"]
[EventCountry "DEN"]

1. e4 c6 2. Nc3 d5 3. Nf3 dxe4 4. Nxe4 Nf6 5. Nxf6+ exf6 6. Bc4 Bd6 7. Qe2+ Be7
8. O-O O-O 9. Re1 Bd6 10. d4 Bg4 11. Qd3 Bc7 12. Qe4 Bxf3 13. Qxf3 Qxd4 14. Re4
Qd7 15. Be3 Re8 16. Rh4 g6 17. Rd1 Qf5 18. Qxf5 gxf5 19. Bxf7+ Kxf7 20. Rxh7+
Kg6 21. Rxc7 b6 22. h3 c5 23. Rb7 Nc6 24. Rdd7 Rg8 25. Rdc7 Nb4 26. c3 Nd3 27.
Rd7 Nxb2 28. Bf4 Rh8 29. Rg7+ Kh5 30. g4+ 1-0

[Event "DM Kandidatklassen 2021"]
[Site "Svendborg"]
[Date "2021.10.22"]
[Round "5.5"]
[White "Loftgaard, Mikkel Vinh"]
[Black "Meskenas, Paulius"]
[Result "0-1"]
[WhiteElo "2084"]
[BlackElo "2044"]
[PlyCount "54"]
[EventDate "2021.10.18"]
[EventType "swiss"]
[EventRounds "7"]
[EventCountry "DEN"]

1. e4 e5 2. Nf3 Nc6 3. d4 exd4 4. Nxd4 Bc5 5. Nxc6 bxc6 6. Nc3 Ne7 7. Bc4 O-O
8. O-O Bb7 9. Qf3 d5 10. Rd1 Re8 11. Bg5 f6 12. Bf4 Kh8 13. exd5 cxd5 14. Nxd5
Nxd5 15. Bxd5 Bxd5 16. Qxd5 Re1+ 17. Rxe1 Qxd5 18. Rad1 Qf5 19. Bg3 h6 20. c4
a5 21. Rd5 Bxf2+ 22. Bxf2 Qc2 23. Bd4 Qxc4 24. Rd7 a4 25. Ree7 Rg8 26. Bxf6
Qc1+ 27. Kf2 Qf4+ 0-1

[Event "DM Kandidatklassen 2021"]
[Site "Svendborg"]
[Date "2021.10.22"]
[Round "5.7"]
[White "Kolbak, Jens"]
[Black "Easwaralingam, Adesh"]
[Result "1-0"]
[WhiteElo "2177"]
[BlackElo "2136"]
[PlyCount "65"]
[EventDate "2021.10.18"]
[EventType "swiss"]
[EventRounds "7"]
[EventCountry "DEN"]

1. d4 Nf6 2. Nf3 d5 3. c4 e6 4. Nc3 dxc4 5. e3 a6 6. Bxc4 b5 7. Be2 Bb7 8. O-O
Nbd7 9. a4 b4 10. Nb1 a5 11. Nbd2 Bd6 12. Nc4 Qe7 13. Nfe5 Bxe5 14. dxe5 Ne4
15. f3 Nec5 16. e4 O-O 17. Be3 Nb6 18. b3 Nxc4 19. Bxc4 Nd7 20. Qd4 Rfd8 21.
Bb5 Nb6 22. Qb2 Ba6 23. Qe2 Bxb5 24. Qxb5 Qd7 25. Qxd7 Rxd7 26. Rfd1 Rad8 27.
Rxd7 Rxd7 28. Rc1 Kf8 29. Kf2 Rd3 30. Rxc7 Nxa4 31. bxa4 Ra3 32. Bc5+ Ke8 33.
Re7+ 1-0

[Event "DM Kandidatklassen 2021"]
[Site "Svendborg"]
[Date "2021.10.23"]
[Round "6.1"]
[White "Sylvan, Jacob"]
[Black "Rey Malde, Henrique"]
[Result "1-0"]
[WhiteElo "2295"]
[BlackElo "2260"]
[PlyCount "127"]
[EventDate "2021.10.18"]
[EventType "swiss"]
[EventRounds "7"]
[EventCountry "DEN"]

1. d4 Nf6 2. g3 c5 3. d5 d6 4. c4 b5 5. cxb5 a6 6. bxa6 g6 7. Bg2 Bg7 8. Nf3
O-O 9. Nc3 Nfd7 10. O-O Nb6 11. Re1 Bxa6 12. Bf4 N8d7 13. Qc1 Re8 14. Bh6 Bh8
15. b3 Qc7 16. Qd2 Reb8 17. Rac1 Nf6 18. h3 Nbd7 19. e4 Ne8 20. Bg5 Bf6 21.
Bxf6 exf6 22. h4 c4 23. Nd1 Nc5 24. bxc4 Qa7 25. Nd4 Rb6 26. h5 Qb7 27. Ne3 Rb4
28. Nc6 Ra4 29. Rb1 Qc7 30. Rec1 Bb7 31. Rc2 Ra3 32. Ng4 Nd3 33. Rb3 Rxb3 34.
axb3 Ra1+ 35. Kh2 Ne1 36. Rc1 Rxc1 37. Qxc1 Nxg2 38. Kxg2 Bxc6 39. dxc6 Qxc6
40. f3 Qc5 41. h6 f5 42. exf5 Qxf5 43. Qb2 Qe6 44. Kf2 f5 45. Ne3 g5 46. Qd4
Qxh6 47. Qd5+ Kh8 48. Qxf5 Qg7 49. g4 Nf6 50. Nd5 Nd7 51. Qe6 Qd4+ 52. Qe3 Qb2+
53. Kg3 Qe5+ 54. Qxe5+ Nxe5 55. Nc3 Kg7 56. Ne4 Nf7 57. f4 gxf4+ 58. Kxf4 Kf8
59. Kf5 Ke7 60. g5 Nd8 61. Nf6 Ne6 62. b4 Nf8 63. b5 Kd8 64. Nxh7 1-0

[Event "DM Kandidatklassen 2021"]
[Site "Svendborg"]
[Date "2021.10.23"]
[Round "6.2"]
[White "Meskenas, Paulius"]
[Black "Strange, Mikkel"]
[Result "0-1"]
[WhiteElo "2044"]
[BlackElo "2309"]
[PlyCount "140"]
[EventDate "2021.10.18"]
[EventType "swiss"]
[EventRounds "7"]
[EventCountry "DEN"]

1. d4 d5 2. Bf4 Nf6 3. Nf3 c5 4. e3 e6 5. c3 Bd6 6. Bg3 O-O 7. Nbd2 b6 8. Bd3
Ba6 9. Qe2 Bxd3 10. Qxd3 Nc6 11. Bh4 Be7 12. h3 Nd7 13. Bg3 c4 14. Qc2 f5 15.
h4 Nf6 16. Ng5 Qd7 17. Ndf3 b5 18. Nh3 b4 19. O-O Ne4 20. Bf4 a5 21. a3 bxc3
22. bxc3 Bd6 23. Nd2 Nxd2 24. Qxd2 Rab8 25. Bxd6 Qxd6 26. Qc2 Rb3 27. a4 Rfb8
28. Ra2 R8b6 29. Nf4 Nd8 30. g3 Qb8 31. Raa1 Rb2 32. Qc1 Qd6 33. Qd1 Nf7 34.
Qf3 Nh6 35. Qh5 Nf7 36. Qf3 Qe7 37. Ng2 Nh6 38. Qf4 Ng4 39. f3 Nf6 40. g4 fxg4
41. fxg4 Ne4 42. Rac1 Rd2 43. Rb1 g5 44. hxg5 Rdb2 45. Rxb2 Rxb2 46. Qe5 Nxg5
47. Rf6 Qg7 48. Kf1 Rb6 49. Nf4 Nf3 50. Nh5 Nxe5 51. Nxg7 Nxg4 52. Rf4 Nxe3+
53. Ke2 Kxg7 54. Kxe3 Rb2 55. Rg4+ Kf6 56. Rh4 Rc2 57. Rxh7 Rxc3+ 58. Kf4 Rd3
59. Ra7 Rxd4+ 60. Ke3 Ke5 61. Rxa5 c3 62. Ke2 Ke4 63. Rc5 Rxa4 64. Rxc3 Ra2+
65. Kd1 d4 66. Rh3 e5 67. Ke1 d3 68. Kd1 Kd4 69. Rh7 e4 70. Rh8 Ra1+ 0-1

[Event "DM Kandidatklassen 2021"]
[Site "Svendborg"]
[Date "2021.10.23"]
[Round "6.3"]
[White "Thorsbro, Peter"]
[Black "Thuesen, Mogens Henrik"]
[Result "1/2-1/2"]
[WhiteElo "2171"]
[BlackElo "2196"]
[PlyCount "87"]
[EventDate "2021.10.18"]
[EventType "swiss"]
[EventRounds "7"]
[EventCountry "DEN"]

1. d4 d5 2. c4 e6 3. Nc3 c6 4. Nf3 dxc4 5. a4 Bb4 6. e4 b5 7. Bd2 a5 8. axb5
Bxc3 9. Bxc3 cxb5 10. d5 Nf6 11. Nd4 exd5 12. Nxb5 O-O 13. e5 Ne4 14. Nd6 Nxd6
15. exd6 Re8+ 16. Be2 Qxd6 17. O-O Qc5 18. Qd2 Nc6 19. Bf3 Be6 20. Rfd1 h6 21.
Qf4 Red8 22. Qg3 Qf8 23. Rd2 Rab8 24. Rad1 d4 25. Bxc6 dxc3 26. Qxc3 Rxd2 27.
Rxd2 Qb4 28. Qc1 c3 29. bxc3 Qxc3 30. Rc2 Qb4 31. h3 a4 32. Rc3 Rc8 33. Rg3 a3
34. Rxa3 Qb8 35. Rg3 Bd5 36. Qa1 Qxg3 37. fxg3 Rxc6 38. Qd4 Be6 39. g4 Rc4 40.
Qd8+ Kh7 41. Qd3+ g6 42. Qe3 Rc2 43. g3 Ra2 44. Qd4 1/2-1/2

[Event "DM Kandidatklassen 2021"]
[Site "Svendborg"]
[Date "2021.10.23"]
[Round "6.4"]
[White "Nilssen, Ellen Fredericia"]
[Black "Steffensen, Elena"]
[Result "1/2-1/2"]
[WhiteElo "2081"]
[BlackElo "2071"]
[PlyCount "51"]
[EventDate "2021.10.18"]
[EventType "swiss"]
[EventRounds "7"]
[EventCountry "DEN"]

1. d4 g6 2. Nf3 Bg7 3. g3 Nf6 4. Bg2 O-O 5. O-O d5 6. c4 c6 7. Nc3 Ne4 8. cxd5
Nxc3 9. bxc3 cxd5 10. Qb3 Nc6 11. Nd2 e6 12. e4 Na5 13. Qb4 Nc6 14. Qb5 a6 15.
Qd3 b5 16. Ba3 b4 17. Bxb4 Nxb4 18. cxb4 Rb8 19. Rab1 dxe4 20. Nxe4 Bxd4 21.
Rfd1 e5 22. h4 Rb6 23. a4 Bf5 24. Qb3 Bxe4 25. Bxe4 Rf6 26. Rd2 1/2-1/2

[Event "DM Kandidatklassen 2021"]
[Site "Svendborg"]
[Date "2021.10.23"]
[Round "6.5"]
[White "Kolbak, Jens"]
[Black "Jensen, Bjarke"]
[Result "0-1"]
[WhiteElo "2177"]
[BlackElo "2349"]
[PlyCount "72"]
[EventDate "2021.10.18"]
[EventType "swiss"]
[EventRounds "7"]
[EventCountry "DEN"]

1. Nf3 g6 2. e4 Bg7 3. d4 d6 4. Be2 a6 5. O-O e6 6. a4 Ne7 7. Nc3 O-O 8. Re1 b6
9. Bf1 c5 10. Be3 Qc7 11. Qd2 Rd8 12. Rad1 cxd4 13. Bxd4 e5 14. Be3 Bb7 15. Bh6
Nbc6 16. Bxg7 Kxg7 17. Qe3 Nb4 18. Rd2 f6 19. Red1 d5 20. exd5 Nbxd5 21. Nxd5
Nxd5 22. Qb3 Ne7 23. Be2 a5 24. c3 Nf5 25. h3 Rxd2 26. Rxd2 Rd8 27. Qc4 Qxc4
28. Bxc4 Nd6 29. Bd5 Bc8 30. Ba2 Kf8 31. Ne1 Ke7 32. f3 Bd7 33. b3 Be6 34. Nc2
b5 35. axb5 Nxb5 36. Rxd8 Kxd8 0-1

[Event "DM Kandidatklassen 2021"]
[Site "Svendborg"]
[Date "2021.10.23"]
[Round "6.6"]
[White "Liu, Casper Yukun"]
[Black "Easwaralingam, Adesh"]
[Result "1-0"]
[WhiteElo "2150"]
[BlackElo "2136"]
[PlyCount "163"]
[EventDate "2021.10.18"]
[EventType "swiss"]
[EventRounds "7"]
[EventCountry "DEN"]

1. d4 Nf6 2. Bf4 d5 3. e3 c5 4. Nf3 Nc6 5. Nbd2 e6 6. c3 Nh5 7. Be5 f6 8. Bg3
g6 9. Bd3 Be7 10. Qc2 c4 11. Be2 Nxg3 12. hxg3 f5 13. b3 cxb3 14. axb3 Qc7 15.
Bb5 Bf6 16. b4 Bd7 17. Qb3 O-O 18. O-O Kg7 19. Rfc1 a6 20. Be2 Qd6 21. c4 Ne7
22. c5 Qc7 23. Ra3 Nc6 24. Rca1 Na7 25. Nb1 Bb5 26. Bxb5 Nxb5 27. Ra5 Qc6 28.
Nc3 Nc7 29. b5 axb5 30. Nxb5 Rxa5 31. Rxa5 Nxb5 32. Rxb5 Rf7 33. Rb6 Qc8 34.
Qa4 Rc7 35. Qb4 Kf7 36. Nd2 Bd8 37. Nb3 Rd7 38. Rb5 Qc6 39. Nd2 Bf6 40. Rb6 Qc8
41. c6 bxc6 42. Rb8 c5 43. dxc5 Qc6 44. Nb3 Be7 45. Rh8 Kg7 46. Qb8 Bxc5 47.
Qe5+ Kh6 48. Rg8 Qa4 49. Qf6 Bxe3 50. fxe3 Qg4 51. Qh4+ Qxh4 52. gxh4 Kh5 53.
g3 Rb7 54. Nd2 Rb2 55. Nf1 Kg4 56. Ra8 Kf3 57. Ra4 e5 58. Ra5 Ke4 59. Ra7 Kf3
60. Ra5 d4 61. exd4 exd4 62. Ra3+ Ke2 63. Ra7 Rb1 64. Ra2+ Kd3 65. Kf2 Rb3 66.
Nd2 Rc3 67. Nf3 Ke4 68. Re2+ Re3 69. Nxd4 Rxe2+ 70. Nxe2 h6 71. Ng1 Ke5 72. Ke3
f4+ 73. gxf4+ Kf5 74. Nf3 Kg4 75. Ke4 h5 76. Ne5+ Kxh4 77. Nxg6+ Kg4 78. f5 Kg5
79. Ke5 Kh6 80. Kf6 Kh7 81. Kg5 Kg7 82. Kxh5 1-0

[Event "DM Kandidatklassen 2021"]
[Site "Svendborg"]
[Date "2021.10.23"]
[Round "6.7"]
[White "Guindy, Esmat Susanne"]
[Black "Loftgaard, Mikkel Vinh"]
[Result "1-0"]
[WhiteElo "2113"]
[BlackElo "2084"]
[PlyCount "41"]
[EventDate "2021.10.18"]
[EventType "swiss"]
[EventRounds "7"]
[EventCountry "DEN"]

1. d4 d5 2. c4 e6 3. Nf3 c5 4. cxd5 exd5 5. g3 Nc6 6. Bg2 Nf6 7. O-O Be7 8.
dxc5 Bxc5 9. a3 a5 10. Qc2 Bb6 11. Nc3 Qe7 12. Bg5 Be6 13. Rad1 Rd8 14. Bxf6
Qxf6 15. Qb3 d4 16. Qxb6 dxc3 17. Qxb7 Bd5 18. Qb5 Be4 19. Rxd8+ Kxd8 20. Qb6+
Kc8 21. Bh3+ 1-0

[Event "DM Kandidatklassen 2021"]
[Site "Svendborg"]
[Date "2021.10.23"]
[Round "6.8"]
[White "Jaksland, Tim"]
[Black "Koch Mueller, Oscar"]
[Result "1-0"]
[WhiteElo "2212"]
[BlackElo "1952"]
[PlyCount "169"]
[EventDate "2021.10.18"]
[EventType "swiss"]
[EventRounds "7"]
[EventCountry "DEN"]

1. e4 e6 2. d4 d5 3. Bd3 dxe4 4. Bxe4 Nf6 5. Bf3 c5 6. Ne2 Be7 7. Nbc3 O-O 8.
Be3 cxd4 9. Qxd4 Qxd4 10. Nxd4 a6 11. Nb3 Nbd7 12. O-O-O Ne5 13. Be2 b5 14. f4
Nc4 15. Bc5 Bxc5 16. Nxc5 Ne3 17. Rd2 Ra7 18. Bf3 Rc7 19. Nb3 Bb7 20. Bxb7 Rxb7
21. Re1 Nf5 22. Nc5 Rb6 23. a3 Rc6 24. Nd7 Rfc8 25. Nxf6+ gxf6 26. Ne4 Kg7 27.
Ree2 Ne7 28. Nc3 Rc4 29. g3 Nf5 30. Rd7 R8c7 31. Rxc7 Rxc7 32. Rd2 Ne3 33. Rd6
a5 34. Rd3 Nxc2 35. Kxc2 b4 36. axb4 axb4 37. Kd2 bxc3+ 38. Rxc3 Rb7 39. Kc2
Kg6 40. Rc5 h5 41. Kc3 f5 42. h4 Ra7 43. Kc4 Kf6 44. Re5 Ke7 45. Re3 Kd6 46. b3
f6 47. Rd3+ Kc6 48. b4 Re7 49. b5+ Kb7 50. Kc5 Re8 51. Rd7+ Kb8 52. Rf7 e5 53.
fxe5 fxe5 54. Rxf5 e4 55. Rf2 Rg8 56. Re2 Rg4 57. Re3 Kc7 58. Ra3 Rg6 59. Ra7+
Kb8 60. Re7 Rxg3 61. Rxe4 Rg7 62. Re8+ Kc7 63. Rh8 Rg1 64. Rh7+ Kc8 65. Rxh5
Rg7 66. Rh6 Kb7 67. Kd5 Rf7 68. Ke5 Rf1 69. Rg6 Rh1 70. Rg4 Kb6 71. Rb4 Rf1 72.
Rf4 Rh1 73. Kf6 Kxb5 74. Rf5+ Kc6 75. h5 Kd7 76. Kf7 Rh2 77. Rd5+ Kc6 78. Rg5
Kd7 79. Kg7 Ke7 80. h6 Rf2 81. h7 Rf7+ 82. Kh6 Rf6+ 83. Rg6 Rf8 84. Rg8 Rf6+
85. Kg5 1-0

[Event "DM Kandidatklassen 2021"]
[Site "Svendborg"]
[Date "2021.10.24"]
[Round "7.1"]
[White "Steffensen, Elena"]
[Black "Sylvan, Jacob"]
[Result "1/2-1/2"]
[WhiteElo "2071"]
[BlackElo "2295"]
[PlyCount "84"]
[EventDate "2021.10.18"]
[EventType "swiss"]
[EventRounds "7"]
[EventCountry "DEN"]

1. e4 c5 2. Nc3 Nc6 3. f4 g6 4. Nf3 Bg7 5. f5 e6 6. fxe6 fxe6 7. Bc4 Nge7 8. d3
d5 9. Bb3 b5 10. a3 c4 11. Ba2 Qb6 12. dxc4 dxc4 13. Qe2 O-O 14. Be3 Nd4 15.
Nxd4 Bxd4 16. Bxd4 Qxd4 17. Rd1 Qb6 18. Rf1 Rxf1+ 19. Qxf1 Bb7 20. Qf2 Qc6 21.
Qf6 Re8 22. Qe5 Nd5 23. Nxb5 Qxb5 24. Kd2 Qc6 25. exd5 exd5 26. Qd4 Bc8 27. Kc1
Be6 28. Re1 Bf7 29. Rf1 Qb6 30. Qf4 Qe3+ 31. Qxe3 Rxe3 32. Kd2 Re4 33. Rf2 d4
34. Bb1 g5 35. g3 Kg7 36. Re2 Rxe2+ 37. Kxe2 Kf6 38. c3 d3+ 39. Kd2 Ke5 40. b3
cxb3 41. Bxd3 h5 42. Kc1 h4 1/2-1/2

[Event "DM Kandidatklassen 2021"]
[Site "Svendborg"]
[Date "2021.10.24"]
[Round "7.2"]
[White "Strange, Mikkel"]
[Black "Jensen, Bjarke"]
[Result "0-1"]
[WhiteElo "2309"]
[BlackElo "2349"]
[PlyCount "80"]
[EventDate "2021.10.18"]
[EventType "swiss"]
[EventRounds "7"]
[EventCountry "DEN"]

1. e4 c5 2. c3 d5 3. exd5 Qxd5 4. d4 Nf6 5. Nf3 e6 6. Be2 Nc6 7. O-O Be7 8. a3
O-O 9. c4 Qf5 10. Nc3 cxd4 11. Nxd4 Nxd4 12. Qxd4 Rd8 13. Qf4 e5 14. Qxf5 Bxf5
15. Be3 Bg4 16. Bxg4 Nxg4 17. Nd5 Kf8 18. b4 Nxe3 19. fxe3 Rac8 20. Nxe7 Kxe7
21. c5 Rd3 22. Kf2 Rd2+ 23. Kf3 Rc6 24. Rad1 Ra2 25. Ke4 Rxa3 26. Rd5 Rb3 27.
Rxe5+ Re6 28. Kd5 Rxe5+ 29. Kxe5 Rxb4 30. Rf2 a6 31. Rc2 Kd7 32. Kd5 Rb5 33.
Kd4 Kc6 34. e4 f6 35. h4 Rb4+ 36. Kd3 a5 37. h5 h6 38. g4 a4 39. Rc1 a3 40. Ra1
Ra4 0-1